[Event "Montcalm IV 2004-05"]
[Site "Quebec CAN"]
[Date "2005.02.03"]
[Round "4"]
[White "Marquis, Paul"]
[Black "Valley, Michel"]
[Result "0-1"]
[WhiteElo "1878"]
[BlackElo "1901"]
[PlyCount "76"]
[GameId "2160767911031671"]
[EventDate "2005.01.13"]
[EventType "tourn"]
[EventRounds "5"]
[EventCountry "CAN"]
[SourceTitle "EXT 2006"]
[Source "ChessBase"]
[SourceDate "2005.11.24"]
[SourceVersion "1"]
[SourceVersionDate "2005.11.24"]
[SourceQuality "1"]

1. e4 c5 2. Nc3 Nc6 3. g3 g6 4. Bg2 Bg7 5. d3 e6 6. f4 Nge7 7. Nf3 O-O 8. O-O d5 9. Ne2 e5 10. fxe5 dxe4 11. dxe4 Bg4 12. Be3 b6 13. c3 Bxf3 14. Bxf3 Nxe5 15. Nf4 Nc4 16. Qe2 Nxe3 17. Qxe3 Rb8 18. Rad1 Qe8 19. Nd5 Nxd5 20. Rxd5 Qa4 21. a3 Qb3 22. Qd2 Rb7 23. Bg4 Re7 24. Bd1 Qc4 25. Bc2 Qb5 26. Bd3 Qc6 27. Bb1 h5 28. Rd6 Qc7 29. Ba2 Bd4+ 30. Rxd4 cxd4 31. Qh6 Qd6 32. Rf5 dxc3 33. Rd5 Qf6 34. Rg5 Re6 35. Bxe6 Qxe6 36. bxc3 Qxe4 37. g4 Rd8 38. gxh5 Qe3+ 0-1

[Event "Montcalm IV 2004-05"]
[Site "Quebec CAN"]
[Date "2005.02.03"]
[Round "4"]
[White "Pichette, Francois"]
[Black "Perreault, Jacquelin"]
[Result "1/2-1/2"]
[WhiteElo "1767"]
[BlackElo "1799"]
[PlyCount "61"]
[GameId "2160767911031672"]
[EventDate "2005.01.13"]
[EventType "tourn"]
[EventRounds "5"]
[EventCountry "CAN"]
[SourceTitle "EXT 2006"]
[Source "ChessBase"]
[SourceDate "2005.11.24"]
[SourceVersion "1"]
[SourceVersionDate "2005.11.24"]
[SourceQuality "1"]

1. e4 c5 2. Nf3 a6 3. d4 cxd4 4. Nxd4 Nf6 5. Nc3 e5 6. Nb3 Bb4 7. Bd2 O-O 8. Bd3 b5 9. a3 Be7 10. O-O Bb7 11. Re1 d6 12. f3 Nbd7 13. Ne2 Nc5 14. Na5 Qb6 15. Kh1 Nxd3 16. cxd3 d5 17. Nxb7 Qxb7 18. Rc1 Rac8 19. Qb3 Rfd8 20. Rxc8 Rxc8 21. Rc1 Rxc1+ 22. Nxc1 Qc6 23. Qc3 Qxc3 24. Bxc3 dxe4 25. dxe4 Nd7 26. Nd3 f6 27. Bb4 Kf7 28. Kg1 Bxb4 29. Nxb4 Nc5 30. Kf1 Ke6 31. Ke2 1/2-1/2

[Event "Montcalm IV 2004-05"]
[Site "Quebec CAN"]
[Date "2005.02.03"]
[Round "4"]
[White "Sauve, Richard"]
[Black "Auger, Bertrand"]
[Result "1-0"]
[WhiteElo "2011"]
[BlackElo "1930"]
[PlyCount "75"]
[GameId "2160767911031673"]
[EventDate "2005.01.13"]
[EventType "tourn"]
[EventRounds "5"]
[EventCountry "CAN"]
[SourceTitle "EXT 2006"]
[Source "ChessBase"]
[SourceDate "2005.11.24"]
[SourceVersion "1"]
[SourceVersionDate "2005.11.24"]
[SourceQuality "1"]

1. d4 e6 2. c4 f5 3. g3 Nf6 4. Bg2 c6 5. Nf3 d5 6. O-O Bd6 7. Qc2 O-O 8. Bf4 Bxf4 9. gxf4 Ne4 10. Ne5 Nd7 11. Nxd7 Bxd7 12. Nd2 Nxd2 13. Qxd2 Be8 14. cxd5 exd5 15. b4 Bh5 16. Rab1 Re8 17. Rfe1 a6 18. Rb3 Re6 19. Re3 Rxe3 20. Qxe3 Qd7 21. Qh3 Qf7 22. a4 Re8 23. Bf3 Bxf3 24. Qxf3 Re4 25. e3 Qe7 26. Rb1 g5 27. fxg5 Qxg5+ 28. Kh1 Rg4 29. h3 Qh5 30. Kh2 Rg5 31. Qxh5 Rxh5 32. b5 cxb5 33. axb5 Rh6 34. bxa6 bxa6 35. Rb7 f4 36. exf4 Rg6 37. Rd7 a5 38. Ra7 1-0

[Event "Montcalm IV 2004-05"]
[Site "Quebec CAN"]
[Date "2005.02.10"]
[Round "5"]
[White "Audet-Bouchard, Nicolas"]
[Black "Tremblay, Rejean"]
[Result "0-1"]
[WhiteElo "2080"]
[BlackElo "2152"]
[PlyCount "100"]
[GameId "2160767911031675"]
[EventDate "2005.01.13"]
[EventType "tourn"]
[EventRounds "5"]
[EventCountry "CAN"]
[SourceTitle "EXT 2006"]
[Source "ChessBase"]
[SourceDate "2005.11.24"]
[SourceVersion "1"]
[SourceVersionDate "2005.11.24"]
[SourceQuality "1"]

1. e4 e6 2. d4 d5 3. Nc3 Bb4 4. e5 Qd7 5. Bd2 b6 6. Nce2 Bf8 7. Nf3 Ba6 8. h4 c5 9. c3 Ne7 10. a4 Nbc6 11. dxc5 bxc5 12. b4 cxb4 13. cxb4 Ng6 14. b5 Ncxe5 15. Ned4 Bb7 16. h5 Nxf3+ 17. Nxf3 Ne7 18. Bd3 f6 19. O-O e5 20. Bc2 Nf5 21. a5 d4 22. a6 Bd5 23. Ba4 Bd6 24. b6 Bc6 25. b7 Rb8 26. Bxc6 Qxc6 27. Qb3 Ne7 28. Rfc1 Qd5 29. Rc8+ Kd7 30. Qa4+ Ke6 31. Rc4 Rhe8 32. Re1 Kf7 33. h6 gxh6 34. Bxh6 Rg8 35. Qb3 Rg6 36. Bd2 Rbg8 37. g3 e4 38. Bb4 Bxg3 39. fxg3 Rxg3+ 40. Kf2 Rg2+ 41. Kf1 e3 42. Rxe3 dxe3 43. Rc3 Rf2+ 44. Ke1 Rxf3 45. Bxe7 Rg1+ 46. Ke2 Rf2+ 47. Kxe3 Rf3+ 48. Ke2 Rg2+ 49. Ke1 Qxb3 50. Rxb3 Rxb3 0-1

[Event "Montcalm IV 2004-05"]
[Site "Quebec CAN"]
[Date "2005.02.10"]
[Round "5"]
[White "Auger, Bertrand"]
[Black "Marquis, Paul"]
[Result "1/2-1/2"]
[WhiteElo "1930"]
[BlackElo "1878"]
[PlyCount "44"]
[GameId "2160767911031676"]
[EventDate "2005.01.13"]
[EventType "tourn"]
[EventRounds "5"]
[EventCountry "CAN"]
[SourceTitle "EXT 2006"]
[Source "ChessBase"]
[SourceDate "2005.11.24"]
[SourceVersion "1"]
[SourceVersionDate "2005.11.24"]
[SourceQuality "1"]

1. b4 e5 2. Bb2 d6 3. g3 Nf6 4. Bg2 c6 5. Nf3 g6 6. O-O Bg7 7. c4 O-O 8. d3 Bd7 9. Nbd2 Qc8 10. Ng5 h6 11. Nge4 Nxe4 12. Nxe4 d5 13. cxd5 cxd5 14. Rc1 Qd8 15. Nc3 Be6 16. b5 a6 17. a4 axb5 18. Nxb5 Nc6 19. Ba3 Re8 20. Nd6 Re7 21. Nxb7 Rxb7 22. Rxc6 Rba7 1/2-1/2

[Event "Montcalm IV 2004-05"]
[Site "Quebec CAN"]
[Date "2005.02.10"]
[Round "5"]
[White "Berube, Antoine"]
[Black "Lessard, Claude"]
[Result "1-0"]
[WhiteElo "2130"]
[BlackElo "2020"]
[PlyCount "35"]
[GameId "2160767911031677"]
[EventDate "2005.01.13"]
[EventType "tourn"]
[EventRounds "5"]
[EventCountry "CAN"]
[SourceTitle "EXT 2006"]
[Source "ChessBase"]
[SourceDate "2005.11.24"]
[SourceVersion "1"]
[SourceVersionDate "2005.11.24"]
[SourceQuality "1"]

1. e4 d5 2. exd5 Qxd5 3. Nc3 Qa5 4. d4 c6 5. Nf3 Bg4 6. Be2 Nd7 7. O-O O-O-O 8. a3 e6 9. b4 Bxb4 10. axb4 Qxa1 11. Qd3 Bxf3 12. Qxf3 Ngf6 13. Rd1 Ne5 14. Qg3 Nd5 15. Nxd5 Rxd5 16. Bf4 Qb2 17. Bxe5 f6 18. Qxg7 1-0

[Event "Montcalm IV 2004-05"]
[Site "Quebec CAN"]
[Date "2005.02.10"]
[Round "5"]
[White "Bourassa, Andre"]
[Black "Bourassa, Samuel"]
[Result "0-1"]
[WhiteElo "1679"]
[BlackElo "1741"]
[PlyCount "80"]
[GameId "2160767911031678"]
[EventDate "2005.01.13"]
[EventType "tourn"]
[EventRounds "5"]
[EventCountry "CAN"]

1. d4 Nf6 2. c4 g6 3. Nc3 Bg7 4. e4 d6 5. f4 O-O 6. Nf3 c5 7. d5 e6 8. e5 Ne8 9. dxe6 Bxe6 10. Nb5 d5 11. Ng5 d4 12. Ne4 a6 13. Qa4 Nd7 14. Nbd6 Nxd6 15. Nxd6 Qc7 16. Ne4 Nxe5 17. fxe5 Qxe5 18. Bd3 Bf5 19. O-O Bxe4 20. Bf4 Qe8 21. Qc2 Bxd3 22. Qxd3 Qd7 23. Qg3 Rfe8 24. Bd6 Rac8 25. Rf3 Rc6 26. Bf4 Rce6 27. Raf1 b5 28. cxb5 axb5 29. Bc7 f5 30. Bf4 c4 31. Rd1 d3 32. b3 Re2 33. a4 d2 34. bxc4 bxc4 35. Be3 R8xe3 36. Rxe3 Rxe3 37. Qb8+ Re8 38. Qg3 c3 39. h3 Qxa4 40. Qf3 Qxd1+ 0-1

[Event "Montcalm IV 2004-05"]
[Site "Quebec CAN"]
[Date "2005.02.10"]
[Round "5"]
[White "Caire, Francois"]
[Black "Drolet, Stephane"]
[Result "1/2-1/2"]
[WhiteElo "2147"]
[BlackElo "2138"]
[PlyCount "83"]
[GameId "2160767911031679"]
[EventDate "2005.01.13"]
[EventType "tourn"]
[EventRounds "5"]
[EventCountry "CAN"]
[SourceTitle "EXT 2006"]
[Source "ChessBase"]
[SourceDate "2005.11.24"]
[SourceVersion "1"]
[SourceVersionDate "2005.11.24"]
[SourceQuality "1"]

1. d4 c5 2. e3 Nf6 3. Bd3 g6 4. Nf3 Bg7 5. O-O O-O 6. c3 d5 7. Ne5 b6 8. Qe2 Bb7 9. Nd2 Nfd7 10. f4 f6 11. Nxd7 Nxd7 12. f5 Qe8 13. e4 e5 14. exd5 cxd4 15. cxd4 Bxd5 16. Qg4 g5 17. Be4 Qf7 18. Nf3 h5 19. Bxd5 hxg4 20. Bxf7+ Rxf7 21. dxe5 gxf3 22. e6 Re7 23. exd7 fxg2 24. Kxg2 Rxd7 25. Be3 Re8 26. Rf3 Rd3 27. Kf2 Bf8 28. Rc1 Bd6 29. h3 Kf7 30. Rc4 Rdxe3 31. Rxe3 Bc5 32. Rxc5 bxc5 33. Ra3 Re7 34. Ra5 Rc7 35. b3 Kg7 36. Kf3 Kh6 37. Ra6 Kg7 38. Ra5 Kh6 39. Ra6 Kg7 40. Kg4 c4 41. bxc4 Rxc4+ 42. Kg3 1/2-1/2

[Event "Montcalm IV 2004-05"]
[Site "Quebec CAN"]
[Date "2005.02.10"]
[Round "5"]
[White "Dion, Jean-Francois"]
[Black "Sauve, Richard"]
[Result "0-1"]
[WhiteElo "1929"]
[BlackElo "2011"]
[PlyCount "112"]
[GameId "2160767911031680"]
[EventDate "2005.01.13"]
[EventType "tourn"]
[EventRounds "5"]
[EventCountry "CAN"]
[SourceTitle "EXT 2006"]
[Source "ChessBase"]
[SourceDate "2005.11.24"]
[SourceVersion "1"]
[SourceVersionDate "2005.11.24"]
[SourceQuality "1"]

1. d4 d5 2. Nf3 e6 3. Bf4 Nf6 4. e3 Be7 5. h3 Nbd7 6. Bd3 b6 7. O-O Bb7 8. Nbd2 c5 9. c3 O-O 10. a4 Re8 11. Bh2 Qc8 12. Qe2 a5 13. c4 Ba6 14. Rac1 Qb7 15. cxd5 Bxd3 16. Qxd3 exd5 17. dxc5 bxc5 18. b3 Rac8 19. Ne5 Nf8 20. Qc3 Qb6 21. Qc2 Ne6 22. Qf5 Qb4 23. Rfd1 Red8 24. Nd3 Qb6 25. Nf4 Rd7 26. Nxe6 fxe6 27. Qc2 Qb4 28. Be5 Qb6 29. e4 Rdd8 30. Re1 Kf7 31. exd5 exd5 32. Bxf6 Bxf6 33. Qxh7 Qb4 34. Qc2 Qf4 35. Nf3 c4 36. Rcd1 c3 37. Rd3 d4 38. g3 Qf5 39. Kg2 Rb8 40. Red1 Qd5 41. Kh2 Rxb3 42. Qa2 Rb2 43. Qxd5+ Rxd5 44. Kg2 Ra2 45. Ne1 Rxa4 46. Kf3 Rf5+ 47. Kg2 Ra2 48. Nf3 a4 49. g4 Rc5 50. h4 g6 51. Rc1 a3 52. Kg3 Rb2 53. Ng5+ Bxg5 54. hxg5 Rc4 55. Kf3 a2 56. Ra1 c2 0-1

[Event "Montcalm IV 2004-05"]
[Site "Quebec CAN"]
[Date "2005.02.10"]
[Round "5"]
[White "Perreault, Jacquelin"]
[Black "Caron, Sebastien"]
[Result "1/2-1/2"]
[WhiteElo "1799"]
[BlackElo "1854"]
[PlyCount "51"]
[GameId "2160767911031681"]
[EventDate "2005.01.13"]
[EventType "tourn"]
[EventRounds "5"]
[EventCountry "CAN"]
[SourceTitle "EXT 2006"]
[Source "ChessBase"]
[SourceDate "2005.11.24"]
[SourceVersion "1"]
[SourceVersionDate "2005.11.24"]
[SourceQuality "1"]

1. e4 c5 2. Nf3 d6 3. d4 cxd4 4. Nxd4 Nf6 5. Nc3 a6 6. Bc4 e6 7. Bb3 Be7 8. O-O Nc6 9. Re1 Qc7 10. Bg5 O-O 11. a4 b6 12. Nxc6 Qxc6 13. Nd5 Bd8 14. Nxf6+ Bxf6 15. Bxf6 gxf6 16. Qg4+ Kh8 17. Qh4 Rg8 18. Qxf6+ Rg7 19. Qd8+ Rg8 20. Qf6+ Rg7 21. Re3 Bb7 22. Rg3 Rag8 23. f3 Qc5+ 24. Kh1 Qf2 25. Rxg7 Rxg7 26. Qd8+ 1/2-1/2

[Event "Montcalm IV 2004-05"]
[Site "Quebec CAN"]
[Date "2005.02.10"]
[Round "5"]
[White "Valley, Michel"]
[Black "L'Heureux, Clement"]
[Result "1-0"]
[WhiteElo "1901"]
[BlackElo "2004"]
[PlyCount "59"]
[GameId "2160767911031682"]
[EventDate "2005.01.13"]
[EventType "tourn"]
[EventRounds "5"]
[EventCountry "CAN"]
[SourceTitle "EXT 2006"]
[Source "ChessBase"]
[SourceDate "2005.11.24"]
[SourceVersion "1"]
[SourceVersionDate "2005.11.24"]
[SourceQuality "1"]

1. d4 Nf6 2. c4 c5 3. d5 e6 4. Nc3 exd5 5. cxd5 d6 6. Nf3 g6 7. g3 Bg7 8. Bg2 O-O 9. O-O Re8 10. Nd2 Na6 11. Nc4 Nc7 12. Bf4 Bf8 13. a4 b6 14. e4 Nh5 15. Bxd6 Bxd6 16. e5 Bxe5 17. Nxe5 Rxe5 18. d6 Rb8 19. dxc7 Qxc7 20. Nb5 Qe7 21. Re1 a6 22. Rxe5 Qxe5 23. Qd8+ Kg7 24. Nd6 Qxb2 25. Rf1 Bg4 26. Qxb8 Be2 27. Qe8 Bxf1 28. Qxf7+ Kh6 29. Qf8+ Qg7 30. Nf7# 1-0

[Event "Montcalm V 2004-05"]
[Site "Quebec CAN"]
[Date "2005.02.17"]
[Round "1"]
[White "Auger, Bertrand"]
[Black "Daigle, Robert"]
[Result "1-0"]
[WhiteElo "1918"]
[BlackElo "1475"]
[PlyCount "47"]
[GameId "2160767910965685"]
[EventDate "2005.02.17"]
[EventType "swiss"]
[EventRounds "5"]
[EventCountry "CAN"]

1. Nf3 Nc6 2. d4 d5 3. g3 Bf5 4. Bg2 Nb4 5. Na3 h6 6. O-O e6 7. c4 dxc4 8. Ne5 c6 9. Nexc4 Nf6 10. b3 Nbd5 11. Bb2 b5 12. Ne5 Qc7 13. Rc1 Bxa3 14. Bxa3 Be4 15. Rxc6 Qb7 16. Bxe4 Nxe4 17. Qc2 b4 18. Qxe4 bxa3 19. Nxf7 Qxf7 20. Rxe6+ Kf8 21. Qxd5 Re8 22. Rxe8+ Qxe8 23. Rc1 Rh7 24. Qf5+ 1-0

[Event "Montcalm V 2004-05"]
[Site "Quebec CAN"]
[Date "2005.02.17"]
[Round "1"]
[White "Berube, Antoine"]
[Black "Cummins, Paul"]
[Result "1-0"]
[WhiteElo "2125"]
[BlackElo "1581"]
[PlyCount "39"]
[GameId "2160767910965686"]
[EventDate "2005.02.17"]
[EventType "swiss"]
[EventRounds "5"]
[EventCountry "CAN"]

1. d4 d5 2. c4 e6 3. Nc3 c6 4. Nf3 Nf6 5. Bg5 dxc4 6. e4 b5 7. e5 h6 8. Bh4 g5 9. Nxg5 hxg5 10. Bxg5 Be7 11. exf6 Bxf6 12. Bxf6 Qxf6 13. g3 Bd7 14. Bg2 a6 15. a4 Ra7 16. Ne4 Qe7 17. O-O a5 18. d5 cxd5 19. Qd4 e5 20. Qxa7 1-0

[Event "Montcalm V 2004-05"]
[Site "Quebec CAN"]
[Date "2005.02.17"]
[Round "1"]
[White "Chevalier, Philippe"]
[Black "Caire, Francois"]
[Result "0-1"]
[WhiteElo "1598"]
[BlackElo "2201"]
[PlyCount "20"]
[GameId "2160767910965687"]
[EventDate "2005.02.17"]
[EventType "swiss"]
[EventRounds "5"]
[EventCountry "CAN"]

1. e4 c5 2. Nf3 Nc6 3. Nc3 Nf6 4. d4 cxd4 5. Nxd4 e5 6. Nde2 Bc5 7. Bg5 Bxf2+ 8. Kxf2 Ng4+ 9. Kg1 Qb6+ 10. Nd4 Nxd4 0-1

[Event "Montcalm V 2004-05"]
[Site "Quebec CAN"]
[Date "2005.02.17"]
[Round "1"]
[White "Cournoyer, Dominic"]
[Black "Bourassa, Andre"]
[Result "1-0"]
[WhiteElo "1346"]
[BlackElo "1635"]
[PlyCount "57"]
[GameId "2160767910965688"]
[EventDate "2005.02.17"]
[EventType "swiss"]
[EventRounds "5"]
[EventCountry "CAN"]

1. c4 Nf6 2. Nc3 e6 3. e4 d6 4. d4 Be7 5. Nf3 O-O 6. Bd3 Nbd7 7. Bf4 Nh5 8. Bg3 c6 9. Qc2 g6 10. O-O-O Qc7 11. Qd2 e5 12. Be2 Ng7 13. h4 exd4 14. Nxd4 Ne5 15. b3 Qa5 16. h5 Nxh5 17. Bxh5 gxh5 18. Kb2 Kg7 19. Nf5+ Bxf5 20. exf5 Nxc4+ 21. bxc4 Qxf5 22. Qe2 Bf6 23. Rxh5 Bxc3+ 24. Kxc3 Qf6+ 25. Kb3 Rfe8 26. Qg4+ Kh8 27. Rxd6 Qe7 28. Qf5 f6 29. Rd7 1-0

[Event "Montcalm V 2004-05"]
[Site "Quebec CAN"]
[Date "2005.02.17"]
[Round "1"]
[White "Gaudreau, Eric"]
[Black "Sauve, Richard"]
[Result "1/2-1/2"]
[WhiteElo "1578"]
[BlackElo "2047"]
[PlyCount "83"]
[GameId "2160767910965689"]
[EventDate "2005.02.17"]
[EventType "swiss"]
[EventRounds "5"]
[EventCountry "CAN"]

1. e4 e6 2. d4 d5 3. Nc3 Nf6 4. Bg5 Bb4 5. e5 h6 6. Bd2 Bxc3 7. bxc3 Ne4 8. Qg4 g6 9. h4 c5 10. Qf4 Bd7 11. Rh3 Bc6 12. f3 Nxd2 13. Qxd2 Nd7 14. f4 Qb6 15. Nf3 Qb2 16. Rc1 Qxa2 17. Be2 Qa5 18. Rh1 Bb5 19. Bxb5 Qxb5 20. Kf2 Qc6 21. h5 O-O-O 22. Ra1 a6 23. hxg6 fxg6 24. Rhb1 Rdf8 25. Rb3 Rf7 26. Rab1 Rhf8 27. Rxb7 Qxb7 28. Rxb7 Kxb7 29. g3 g5 30. Kg1 c4 31. Qh2 gxf4 32. Qxh6 fxg3 33. Qxe6 Nb6 34. Ng5 Rg7 35. Qd6 Rh8 36. Qf6 Rhg8 37. Nf7 Rg6 38. Nd6+ Kc6 39. Qe7 R8g7 40. Qe8+ Kc7 41. Nf5 Rg8 42. Qe7+ 1/2-1/2

[Event "Montcalm V 2004-05"]
[Site "Quebec CAN"]
[Date "2005.02.17"]
[Round "1"]
[White "Lemieux, Pierre"]
[Black "Gagnon, Stephane"]
[Result "1-0"]
[WhiteElo "1871"]
[BlackElo "1435"]
[PlyCount "37"]
[GameId "2160767910965690"]
[EventDate "2005.02.17"]
[EventType "swiss"]
[EventRounds "5"]
[EventCountry "CAN"]

1. d4 Nf6 2. Nf3 e6 3. Bf4 c5 4. c3 Qb6 5. Qb3 Qa5 6. e3 cxd4 7. exd4 Qf5 8. Bg3 b6 9. Qa4 Bb7 10. Nbd2 h6 11. Be2 a6 12. O-O Be7 13. Qb3 Bd8 14. Nc4 O-O 15. Nd6 Qd5 16. c4 Qc6 17. d5 exd5 18. cxd5 Nxd5 19. Rac1 1-0

[Event "Montcalm V 2004-05"]
[Site "Quebec CAN"]
[Date "2005.02.17"]
[Round "1"]
[White "Lessard, Claude"]
[Black "Grant, James"]
[Result "1-0"]
[WhiteElo "1964"]
[BlackElo "1510"]
[PlyCount "41"]
[GameId "2160767910965691"]
[EventDate "2005.02.17"]
[EventType "swiss"]
[EventRounds "5"]
[EventCountry "CAN"]

1. d4 d5 2. Nf3 e6 3. g3 Nf6 4. Bg2 Be7 5. O-O O-O 6. Nbd2 c6 7. b3 Na6 8. Bb2 Nc7 9. c4 b5 10. cxb5 Nxb5 11. Rc1 Qb6 12. Ne5 Bb7 13. Ndf3 Rfd8 14. e3 Qa6 15. Ng5 Rf8 16. Bh3 Nc7 17. Qc2 Rad8 18. Nxc6 Bxc6 19. Qxc6 Qxc6 20. Rxc6 Rd7 21. Rfc1 1-0

[Event "Montcalm V 2004-05"]
[Site "Quebec CAN"]
[Date "2005.02.17"]
[Round "1"]
[White "Marois, Remi"]
[Black "Bonneau, Daniel"]
[Result "0-1"]
[WhiteElo "1478"]
[BlackElo "1920"]
[PlyCount "56"]
[GameId "2160767910965692"]
[EventDate "2005.02.17"]
[EventType "swiss"]
[EventRounds "5"]
[EventCountry "CAN"]

1. e4 d6 2. d4 Nf6 3. Nc3 g6 4. f4 Bg7 5. Nf3 c5 6. e5 dxe5 7. dxe5 Qxd1+ 8. Nxd1 Nd5 9. Bc4 Nb6 10. Ne3 Nxc4 11. Nxc4 Nc6 12. c3 O-O 13. Be3 b6 14. O-O-O Be6 15. Ncd2 Rfd8 16. Nb3 a5 17. Rxd8+ Rxd8 18. Rd1 a4 19. Rxd8+ Nxd8 20. Nxc5 bxc5 21. Bxc5 Bxa2 22. Bxe7 Nc6 23. Bc5 Bd5 24. Kc2 Bh6 25. Nd4 Be4+ 26. Kd1 Bxf4 27. b4 axb3 28. Nxb3 Bxe5 0-1

[Event "Montcalm V 2004-05"]
[Site "Quebec CAN"]
[Date "2005.02.17"]
[Round "1"]
[White "Tremblay, Rejean"]
[Black "Bender, Karl"]
[Result "1-0"]
[WhiteElo "2234"]
[BlackElo "1598"]
[PlyCount "43"]
[GameId "2160767910965693"]
[EventDate "2005.02.17"]
[EventType "swiss"]
[EventRounds "5"]
[EventCountry "CAN"]

1. d4 d5 2. c4 c6 3. Nf3 Nf6 4. Nc3 g6 5. Qb3 Qb6 6. c5 Qxb3 7. axb3 Nbd7 8. b4 b6 9. Bf4 bxc5 10. bxc5 Bg7 11. e3 Ng4 12. h3 Nh6 13. Kd2 f6 14. b4 e5 15. Bh2 O-O 16. b5 Bb7 17. bxc6 Bxc6 18. Bb5 Bxb5 19. Nxb5 Rfc8 20. Rxa7 Rxa7 21. Nxa7 e4 22. Nxc8 1-0

[Event "Montcalm V 2004-05"]
[Site "Quebec CAN"]
[Date "2005.02.24"]
[Round "2"]
[White "Audet-Bouchard, Nicolas"]
[Black "Cournoyer, Dominic"]
[Result "1-0"]
[WhiteElo "2057"]
[BlackElo "1346"]
[PlyCount "47"]
[GameId "2160767910965694"]
[EventDate "2005.02.17"]
[EventType "swiss"]
[EventRounds "5"]
[EventCountry "CAN"]

1. e4 c5 2. Nf3 Nc6 3. d4 cxd4 4. Nxd4 d6 5. Nc3 e5 6. Nb3 Nf6 7. Bg5 Be7 8. Qd2 h6 9. Bxf6 Bxf6 10. Nb5 Be7 11. Rd1 Bg4 12. f3 Bh4+ 13. g3 Bxf3 14. Nxd6+ Kf8 15. Qf2 Qf6 16. Nc5 Rd8 17. Ncxb7 Rd7 18. Bh3 Rc7 19. O-O Bxd1 20. Qc5 Qg6 21. Nxf7+ Kg8 22. Nxh8 Kxh8 23. Qf8+ Kh7 24. Bf5 1-0

[Event "Montcalm V 2004-05"]
[Site "Quebec CAN"]
[Date "2005.02.24"]
[Round "2"]
[White "Bisson, Real"]
[Black "Lessard, Claude"]
[Result "0-1"]
[WhiteElo "1743"]
[BlackElo "1964"]
[PlyCount "52"]
[GameId "2160767910965695"]
[EventDate "2005.02.17"]
[EventType "swiss"]
[EventRounds "5"]
[EventCountry "CAN"]

1. d4 c5 2. d5 Nf6 3. c4 b5 4. cxb5 a6 5. e3 g6 6. Nc3 d6 7. Nf3 Bg7 8. Be2 O-O 9. O-O axb5 10. Bxb5 Ba6 11. Bxa6 Rxa6 12. e4 Nbd7 13. a4 Ng4 14. Bd2 Nge5 15. Qe2 Nxf3+ 16. gxf3 Qa8 17. b3 Rb8 18. Rab1 Nb6 19. Nb5 Qb7 20. Rfc1 Raa8 21. a5 Nxd5 22. Nxd6 exd6 23. exd5 Qxd5 24. b4 cxb4 25. Rxb4 Rxb4 26. Bxb4 Qg5+ 0-1

[Event "Montcalm V 2004-05"]
[Site "Quebec CAN"]
[Date "2005.02.24"]
[Round "2"]
[White "Bourassa, Andre"]
[Black "Carignan, Antoine"]
[Result "1-0"]
[WhiteElo "1635"]
[BlackElo "1452"]
[PlyCount "33"]
[GameId "2160767910965696"]
[EventDate "2005.02.17"]
[EventType "swiss"]
[EventRounds "5"]
[EventCountry "CAN"]

1. d4 Nf6 2. c4 e5 3. dxe5 Ng4 4. Bf4 Nc6 5. Nf3 Bc5 6. e3 Qe7 7. a3 a5 8. Qd5 h5 9. h3 Nh6 10. Nc3 d6 11. exd6 cxd6 12. Nb5 Nf5 13. Bd3 Be6 14. Qe4 O-O 15. g4 Qf6 16. gxf5 Qxb2 17. Rb1 1-0

[Event "Montcalm V 2004-05"]
[Site "Quebec CAN"]
[Date "2005.02.24"]
[Round "2"]
[White "Caire, Francois"]
[Black "Perreault, Jacquelin"]
[Result "1-0"]
[WhiteElo "2201"]
[BlackElo "1774"]
[PlyCount "101"]
[GameId "2160767910965697"]
[EventDate "2005.02.17"]
[EventType "swiss"]
[EventRounds "5"]
[EventCountry "CAN"]

1. d4 Nf6 2. c4 e6 3. Nf3 b6 4. Nc3 Bb4 5. Bg5 Bb7 6. e3 O-O 7. Bd3 d6 8. O-O Bxc3 9. bxc3 Nbd7 10. Nd2 c5 11. f4 Qc7 12. Qe2 d5 13. cxd5 exd5 14. Rf3 Rfe8 15. Qf2 Ne4 16. Qh4 f6 17. Rh3 Nf8 18. Nxe4 dxe4 19. Bc4+ Kh8 20. Bxf6 gxf6 21. Rg3 Ng6 22. Rxg6 Rf8 23. Rxf6 cxd4 24. Qh6 Rxf6 25. Qxf6+ Qg7 26. Qxg7+ Kxg7 27. cxd4 Rc8 28. Bb3 Rc3 29. Kf2 Ba6 30. g4 Bd3 31. Re1 b5 32. d5 a5 33. d6 Rc6 34. d7 Rd6 35. Be6 Bc4 36. Bxc4 bxc4 37. Rc1 Rxd7 38. Rxc4 Rd2+ 39. Kg3 Rxa2 40. Rxe4 a4 41. Re7+ Kg8 42. Ra7 a3 43. h4 Ra1 44. g5 a2 45. Kg2 Re1 46. Rxa2 Rxe3 47. Rf2 Kg7 48. Rf3 Re4 49. h5 Kf7 50. Kg3 Re1 51. Kg4 1-0

[Event "Montcalm V 2004-05"]
[Site "Quebec CAN"]
[Date "2005.02.24"]
[Round "2"]
[White "Caron, Sebastien"]
[Black "Berube, Antoine"]
[Result "0-1"]
[WhiteElo "1814"]
[BlackElo "2125"]
[PlyCount "60"]
[GameId "2160767910965698"]
[EventDate "2005.02.17"]
[EventType "swiss"]
[EventRounds "5"]
[EventCountry "CAN"]

1. e4 c5 2. Nf3 d6 3. d4 cxd4 4. Nxd4 Nf6 5. Nc3 a6 6. Bg5 e6 7. f4 b5 8. e5 dxe5 9. fxe5 Qc7 10. Bf4 Bb4 11. Bxb5+ axb5 12. O-O Nfd7 13. Ncxb5 Qb6 14. Be3 Ba6 15. c4 Bxb5 16. cxb5 Bc5 17. Qg4 O-O 18. Qf4 Bxd4 19. Bxd4 Qxb5 20. Rf3 Nc6 21. Bc3 Ne7 22. a4 Qc6 23. Bb4 Qb6+ 24. Kh1 Nd5 25. Qg5 Qxb4 26. Rg3 g6 27. Rh3 Rxa4 28. Rf1 Qf4 29. Qxf4 Rxf4 30. Rc1 Nxe5 0-1

[Event "Montcalm V 2004-05"]
[Site "Quebec CAN"]
[Date "2005.02.24"]
[Round "2"]
[White "Dumont, Eric"]
[Black "Auger, Bertrand"]
[Result "0-1"]
[WhiteElo "1606"]
[BlackElo "1918"]
[PlyCount "56"]
[GameId "2160767910965699"]
[EventDate "2005.02.17"]
[EventType "swiss"]
[EventRounds "5"]
[EventCountry "CAN"]

1. g4 d5 2. Bg2 Bxg4 3. c4 c6 4. Qb3 Qd7 5. cxd5 Nf6 6. Nc3 e6 7. dxe6 Bxe6 8. Qc2 Na6 9. d3 Nb4 10. Qd1 Be7 11. a3 Nbd5 12. Bd2 Rd8 13. Ne4 Nxe4 14. Bxe4 f5 15. Bg2 f4 16. Nf3 Bh3 17. Rg1 Bxg2 18. Rxg2 Bf6 19. Qb3 O-O 20. Bxf4 Kh8 21. Be5 Bxe5 22. Nxe5 Qh3 23. Rg3 Qxh2 24. Qxb7 Qxf2+ 25. Kd2 Qf4+ 26. Kc2 Qxe5 27. Rag1 Qxe2+ 28. Kb1 Nc3+ 0-1